Online
Catalog

La técnica del fluir de la conciencia en la novela moderna / (Record no. 2447)

MARC details
000 -CABECERA
campo de control de longitud fija 00617cam a2200181 a 4500
001 - NÚMERO DE CONTROL
campo de control 000002611
005 - FECHA Y HORA DE LA ÚLTIMA TRANSACCIÓN
campo de control 20200929150225.0
008 - DATOS DE LONGITUD FIJA--INFORMACIÓN GENERAL
campo de control de longitud fija 781115s1982 mx b 001 f spa
040 ## - FUENTE DE LA CATALOGACIÓN
Centro catalogador/agencia de origen DO-SdBNP
Lengua de catalogación spa
Centro/agencia transcriptor BNPHU
082 ## - NÚMERO DE LA CLASIFICACIÓN DECIMAL DEWEY
Número de clasificación 823
Número de documento/Ítem T255f
245 03 - MENCIÓN DE TÍTULO
Título La técnica del fluir de la conciencia en la novela moderna /
Mención de responsabilidad, etc. editor, Erwin R. Steinberg ; traductor, Elise Moreno.
260 ## - PUBLICACIÓN, DISTRIBUCIÓN, ETC.
Lugar de publicación, distribución, etc. México :
Nombre del editor, distribuidor, etc. Noema,
Fecha de publicación, distribución, etc. 1982.
300 ## - DESCRIPCIÓN FÍSICA
Extensión 176 p. ;
Dimensiones 21 cm.
650 #4 - PUNTO DE ACCESO ADICIONAL DE MATERIA--TÉRMINO DE MATERIA
Término de materia o nombre geográfico como elemento de entrada Novela inglesa
Subdivisión general Historia y crítica
9 (RLIN) 8230
650 #4 - PUNTO DE ACCESO ADICIONAL DE MATERIA--TÉRMINO DE MATERIA
Término de materia o nombre geográfico como elemento de entrada Literatura inglesa
9 (RLIN) 498
700 1# - PUNTO DE ACCESO ADICIONAL--NOMBRE DE PERSONA
Nombre de persona Steinberg, Erwin Ray,
Término indicativo de función/relación ed.
9 (RLIN) 8231
700 1# - PUNTO DE ACCESO ADICIONAL--NOMBRE DE PERSONA
Nombre de persona Moreno, Elise,
Término indicativo de función/relación tr.
9 (RLIN) 8232
Holdings
Estado de retiro Estado de pérdida Restricciones de uso No para préstamo Código de colección Localización permanente Ubicación/localización actual Ubicación en estantería Fecha de adquisición Número de inventario Total de préstamos Signatura topográfica completa Código de barras Fecha visto por última vez Precio válido a partir de Tipo de ítem Koha
    Préstamo interno   Monografías: Libros y Folletos General General En catalogación 10.07.2009 LF1   823 T255f 2611-10 25.06.2020 25.06.2020 Préstamo interno

Powered by Koha